00968nam a2200193Ia 4500008004100000020001900041082001600060100003000076245013000106260003000236300001000266500004200276650008500318700004800403952010800451952010500559952009300664999001700757120629s9999 xx 000 0 und d a 968-18-6075-6 a001.42 O77m aOrtiz Uribe, Frida Gisela aMetodología de la investigación: el proceso y sus técnicas / Frida Gisela Ortiz Uribe, María del Pilar García Nieto aMéxico: Limusa, Noriega a179 p aApéndice, bibliografía y glosario a1. INVESTIGACION-METODOLOGIA \ 2. CIENCIA-METODOLOGIA \ 3. CIENCIA-INVESTIGACION aGarcía Nieto, María del Pilar; coautÌ 00104070a15b15d2006-05-26l3m1o001.42 O77Mp15 001267r2020-02-10s2020-02-07t2w2012-06-28yLB 00104070a15b15d2006-05-26l3o001.42 O77Mp15 001347r2017-12-07s2015-07-06t1w2012-06-28yLB 00104070a15b15d2006-05-26l0o001.42 O77Mp15 001448r2017-12-07t3w2012-06-28yLB c74860d74860